00700 a2200169 4500020001500000040000800015100002100023245010200044260003200146300007700178650003700255650003100292700002900323942002500352999001500377952013800392 a0672317958 aDLC1 aPerrone, Paul J.10aBuilding Java enterprise systems with J2EE cPaul J. Perrone, Venkata S.R. "Krishna" R. Chaganti. aDelhi. :bTechmedia,c2000. axxviii, 1496 p. :bill. ;c24 cm. +e1 computer optical disc (4 3/4 in.) 0aJava (Computer program language) 0aBusinessxData processing.1 aChaganti, Venkata S.R.R. cBKk005.133 PER2ddc c6644d6644 001040708NFICaCLbCLcSEd2002-03-13eVanguard Booksg969.00l1o005.133 PERpSEECS001885r2016-05-15s2014-04-07w2017-01-05yBK